| 000 | 00452nam a2200181Ia 4500 | ||
|---|---|---|---|
| 008 | 220726s9999||||xx |||||||||||||| ||und|| | ||
| 020 | _a9789386943163 | ||
| 082 | _a610 | ||
| 082 | _bPan/P | ||
| 100 | _aPandey, Meenu | ||
| 245 | 0 | _aPandey-A Practical book of Communication Skills: First Year B. Pharm; Semester- 1 | |
| 250 | _a7th Edition | ||
| 260 | _aPune | ||
| 260 | _bNirali Prakashan | ||
| 260 | _c2022 | ||
| 300 | _a10.12 | ||
| 942 | _cPB | ||
| 999 |
_c34802 _d34802 |
||